Ультразвуковой анализатор параметров слабодисперсных волоконных сред: автореферат диссертации на соискание ученой степени кандидата технических наук; спец. 05.11.13.

書誌詳細
第一著者: Иливанов В. М. Виктор Михайлович
団体著者: Московский технологический институт легкой промышленности (МТИЛП) Барнаульский филиал
その他の著者: Ананьев Л. М. (научный руководитель)
要約:Защита сост. 4.04.1990 г.
言語:ロシア語
出版事項: Томск, 1990
主題:
フォーマット: MixedMaterials 図書
KOHA link:https://koha.lib.tpu.ru/cgi-bin/koha/opac-detail.pl?biblionumber=245346

MARC

LEADER 00000nam0a2200000 4500
001 245346
005 20231101232123.0
035 |a (RuTPU)RU\TPU\book\266753 
035 |a RU\TPU\book\48723 
090 |a 245346 
100 |a 20030124d1990 k y0rusy50 ca 
101 0 |a rus 
102 |a RU 
105 |a a dm 001zy 
200 1 |a Ультразвуковой анализатор параметров слабодисперсных волоконных сред  |e автореферат диссертации на соискание ученой степени кандидата технических наук  |e спец. 05.11.13.  |f В. М. Иливанов  |g Московский технологический институт легкой промышленности (МТИЛП), Барнаульский филиал ; науч. рук. Л. М. Ананьев 
210 |a Томск  |d 1990 
215 |a 25 с.  |c ил. 
300 |a Защита сост. 4.04.1990 г. 
320 |a Библиогр.: с. 24-25 (23 назв.). 
606 1 |a Волокно химическое  |x Технический контроль  |2 stltpush  |3 (RuTPU)RU\TPU\subj\3622  |9 32010 
610 1 |a приборы 
610 1 |a методы 
610 1 |a ультразвуковые анализаторы 
610 1 |a слабодисперсные волоконные среды 
610 1 |a текстильное производство 
610 1 |a датчики 
610 1 |a авторефераты диссертаций 
675 |a 677.4(048)  |v 3 
686 |a 05.11.13.  |2 oksvnk 
700 1 |a Иливанов  |b В. М.  |g Виктор Михайлович 
702 1 |a Ананьев  |b Л. М.  |4 727 
712 0 2 |a Московский технологический институт легкой промышленности (МТИЛП)  |b Барнаульский филиал  |2 stltpush  |3 (RuTPU)RU\TPU\col\19090 
801 1 |a RU  |b 63413507  |c 20131108 
801 2 |a RU  |b 63413507  |c 20131115  |g RCR 
942 |c BK